000 00669nam a2200181 4500
001 112004
003 ES-MaACL
005 20230906185412.0
007 t|
008 061121s1973 xxu r ||||1| spa d
100 1 _aNey, Eugéne.
_985515
245 1 0 _aCuba en 1830
_b: diario de viaje de un hijo del mariscal Ney /
_cEugéne Ney; introducción, notas y bibliografía por Jorge J. Beato Núñez; traducción del francés por Miguel F. Garrido.
260 _aMiami (Florida) :
_bUniversal,
_c1973.
300 _a87 p., 16 lám. ;
_c24 cm.
700 1 _aBeato Núñez, Jorge J.
_926792
700 1 _aGarrido, Miguel F.
_955683
852 _aES-MaACL
_jC-52325
_bR.85885
999 _c112004
_d112004